h1

h2

h3

h4

h5
h6
000107493 001__ 107493
000107493 005__ 20230411151942.0
000107493 0247_ $$2HSB$$a08270009929x
000107493 037__ $$aRWTH-CONV-179753
000107493 041__ $$aEnglish
000107493 1001_ $$0P:(DE-82)004274$$aMönnigmann, Martin$$b0$$eAuthor
000107493 1112_ $$aAIChE 2000 annual meeting$$cLos Angeles, CA$$d2000-11-12 - 2000-11-17$$gAIChE 2000$$wUSA
000107493 245__ $$aChemical process optimization with guaranteed robustness of nonlinear dynamics characteristics$$hprint
000107493 260__ $$aNew York$$bAmerican Institute of Chemical Engineers$$c2000
000107493 29510 $$aAIChE 2000 annual meeting - exchanging ideas for innovation : Bonaventure Hotel, Los Angeles, CA, November 12 - 17, 2000. American Institute of Chemical Engineers
000107493 3367_ $$0PUB:(DE-HGF)8$$2PUB:(DE-HGF)$$aContribution to a conference proceedings$$bcontrib$$mcontrib
000107493 3367_ $$033$$2EndNote$$aConference Paper
000107493 3367_ $$2ORCID$$aCONFERENCE_PAPER
000107493 3367_ $$2DataCite$$aOutput Types/Conference Paper
000107493 3367_ $$2DRIVER$$aconferenceObject
000107493 3367_ $$2BibTeX$$aINPROCEEDINGS
000107493 500__ $$aNebent.: AIChE Hollywood
000107493 7001_ $$0P:(DE-82)000870$$aMarquardt, Wolfgang$$b1$$eAuthor
000107493 909CO $$ooai:publications.rwth-aachen.de:107493$$pVDB
000107493 9151_ $$0StatID:(DE-HGF)0031$$2StatID$$aPeer reviewed article
000107493 9201_ $$0I:(DE-82)416410_20140620$$k416410$$lLehrstuhl für Prozesstechnik$$x0
000107493 961__ $$c2012-09-21$$x2007-06-01$$z2023-03-22
000107493 970__ $$a08270009929x
000107493 980__ $$acontrib
000107493 980__ $$aI:(DE-82)416410_20140620
000107493 980__ $$aVDB
000107493 980__ $$aUNRESTRICTED
000107493 980__ $$aConvertedRecord